| 000 | 00434nam a22001697a 4500 | ||
|---|---|---|---|
| 999 |
_c20710 _d20710 |
||
| 003 | BDDh-ASL | ||
| 005 | 20231015025927.0 | ||
| 008 | 210113s1955 pk ||||| |||| 00| 0 eng d | ||
| 040 | _cBDDh-ASL | ||
| 082 |
_a297.1 _bASI |
||
| 100 | 1 |
_92736 _aAsad, Muhammad |
|
| 245 | 1 | 0 |
_aIslam: _bAt the Crossroads / |
| 260 |
_aLahore: _bArafat Publications, _c1955. |
||
| 300 |
_a160 p.: _c18 cm. |
||
| 650 | 0 |
_91652 _aIslam |
|
| 942 |
_2ddc _cBK |
||